Statistics for Biggest Cities in California's Central Valley

Click here to take the quiz!

General Stats

  • This quiz has been taken 27 times
  • The average score is 6 of 10

Answer Stats

Population (2023)Answer% Correct
549KFresno
100%
416KBakersfield
88%
325KStockton
88%
528.3KSacramento
83%
219.4KModesto
67%
145.3KVisalia
50%
181.8KElk Grove
38%
127.8KClovis
33%
159KRoseville
33%
119.5KFairfield
8%

Score Distribution

Percentile by Number Answered

Percent of People with Each Score

Your Score History

You have not taken this quiz